Condicio iuris y tacita condicio. Las condiciones implícitas en el derecho privado romano

Saved in:
Bibliografiske detaljer
Hovedforfatter: Castán Pérez, Santiago (Author)
Format: Bog
Sprog:spansk
Udgivet: Madrid Dykinson 2006
Serier:Ciencias Jurídicas y Sociales, 26
Fag:
Tags: Tilføj Tag
Ingen Tags, Vær først til at tagge denne postø!

MARC

LEADER 00000nam a2200000 a 4500
001 UCI3621
003 CL-VaPUC
008 071123e20060000SP |||||||||||||||||spa|d
020 |a 8497728726 
082 0 4 |a 340.54  |b CAS  |2 21 
100 0 |a Castán Pérez, Santiago  |e author  |9 525023 
245 1 0 |a Condicio iuris y tacita condicio. Las condiciones implícitas en el derecho privado romano 
300 |a 192 p 
942 |c BK 
945 |d 20071123 00:00:00  |a rbrito 
260 |a Madrid  |b Dykinson  |c 2006 
650 0 |a Derecho romano  |9 255930 
583 |a last modification  |c 20071123 00:00:00  |k Rodrigo Vera 
490 0 |a Ciencias Jurídicas y Sociales, 26 
999 |c 327756  |d 327754 
952 |0 0  |1 0  |4 0  |6 340_540000000000000_CAS_2006  |7 0  |8 A  |9 411153  |a BIBDER  |b BIBDER  |d 2019-11-22  |i 4389344  |o 340.54 CAS 2006  |p 4389344  |r 2023-01-25  |w 2019-11-22  |y BK  |k DER